MARTI (ANTİK) (Record no. 695382)

MARC details
000 -LEADER
sabit uzunluktaki kontrol alanı 00246nam a2200097Ia 4500
001 - KONTROL NUMARASI
kontrol alanı 695382
005 - EN SON İŞLEMİN TARİH VE ZAMANI
kontrol alanı 20250826161951.0
008 - SABİT-UZUNLUKTA VERİ ÖĞELERİ--GENEL BİLGİ
sabit uzunluktaki kontrol alanı 250824s9999 xx 000 0 und d
245 #0 - ESER / YAZAR
ESER ADI MARTI (ANTİK)
Yazar Adı ANTON ÇEHOV
260 ## - YAYIN, DAĞITIM, VB.
YAYIN EVİ ANTİK DÜNYA KLASİKLERİ
Holdings
Düşüm durumu Kayıp durumu Hasar Durumu Ödünç verilmez Ana kütüphane Geçerli Kütüphane Edinilen tarih Toplam ödünç verme sayısı Barkod Son görüntüleme tarihi Son ödünç verme tarihi Fiyatın geçerli olmaya başladığı tarih Koha materyal türü
        ŞEHİT UFUK BAYSAN ANADOLU LİSESİ ŞEHİT UFUK BAYSAN ANADOLU LİSESİ 24.08.2025 1 1020108 01.04.2026 26.03.2026 26.08.2025 Books